00671nam a2200241 a 4500001001300000003000900013005001700022008003800039020001000077082001700087100001800104245003000122260001300152300000800165500003500173505003800208650001700246700001800263902000800281942000700289952011800296999001500414nice12345678IN_TiNIC20260116012638.0050524s1984 a grp 000 0 hin  ac10000a891.41bANW2 aAnwer, Joseph aPagdandiyan(hindi Poetry) abc1984 a64p aincludes index and biblioraphy2 a1.Muharram Namah 2. Hilal-E-Matam aHindi-Poetry1 aAnwer, Joseph bSRS cBK 001040708StackRoom-aHMIbHMId2007-06-18g100.00l0o891.41 ANW2p011553r2007-06-18v100.00w2005-05-24yBK c7787d7787